000
00307nam a22001097a 4500
008
230703b xxu||||| |||| 00| 0 eng d
082
_a
342
_b
CKRC
245
_a
Draft Bill of the Constitution of Kenya Review Commission
260
_b
Constitution of Kenya Review Commission
300
_a
77p
942
_2
ddc
_c
BK
999
_c
3504
_d
3504